01835 a2200349 45000010006000000050017000060080041000230030015000640400040000790800035001192450038001540200022001922500012002142640043002263000019002695050746002880410008010341000026010427000029010687000029010977000034011267000022011607000027011827000029012097000025012387000026012637000023012897000021013127000023013337000030013568560099013861710620260407155459.0260407a1991 arg spa dAR-UNSa-BCEJYS aAR-UNSa-BCEJYSbspacAR-UNSa-BCEJYS a657.47xContabilidad de Costos10aTratado de contabilidad de costos a978-950-537-052-8 a3a. ed. 1aBuenos Aires :bEdiciones Macchic1991 a762 p.c22 cm. a1. Introducción al estudio de la contabilidad de costos - 2. Introducción al estudio de la contabilidad de costos - 3. Introducción al estudio de la contabilidad de costos y libros - 4. Sistemas de costos, procesos, costos conjuntos - 5. Materias primas y materiales - 6. La mano de obra directa - 7. Costos comunes de fabricación - 8. Costos de distribución - 9. El presupuesto industrial - 10. Costos predeterminados - 11. Costos para planificación, análisis y decisiones - 12. El punto de equilibrio - 13. El punto de nivelación y las estrategias del beneficio - 14. Costos vitivinícolas - 15. Informes para la dirección - 16. Costos especiales. Costos en hospitales y clínicas - 17. Inversiones: tasa de rendimiento aspa1 aEspósito, Walter O.1 aDominguez, Luis Martín1 aGiménez, Carlos Manuel1 aRodríguez Jauregui, Hugo A.1 aErcole, Raúl A.1 aBottaro, Oscar Eduardo1 aSinger Jonker, Guillermo1 aPhielipp, Edgardo A.1 aYardin, Amaro Ramón1 aWajchman, Mauricio1 aTrettel, Raul A.1 aGallego, Arturo V.1 aLópez Couceiro, Edmundo41uhttps://www.biblioeco.unsa.edu.ar/pmb/images/libros/L129104.jpgyImagen de portadaqimage/jpeg